Tous les entraineurs de Ligue 1 : 2023 - Statistiques

Statistiques générales
  • Ce quiz a été pris 83 fois
  • Le résultat moyen est 12 sur 18
Statistiques - réponses
Club Entraineur % Correct
PSG Luis Enrique
99%
OM Gennaro Gattuso
87%
Lens Franck Haise
86%
OL Pierre Sage
82%
Montpellier Michel Der Zakarian
80%
Rennes Julien Stéphan
79%
Reims Will Still
79%
Monaco Adi Hütter
75%
Strasbourg Patrick Vieira
75%
Lille Paulo Fonseca
71%
Brest Eric Roy
67%
Lorient Régis Le Bris
62%
Nantes Jocelyn Gourvennec
59%
Clermont Pascal Gastien
54%
Nice Francesco Farioli
50%
Metz László Bölöni
42%
Le Havre Luka Elsner
41%
Toulouse Carles Martínez Novell
25%
Aucun quiz correspondant
Distribution des résultats
% des personnes avec chaque résultat
Percentile par nombre de réponses
Votre historique - résultats
Vous n’avez pas pris ce quiz